000 00644nam a2200229 i 4500
001 82088
003 ES-MaACL
005 20230906174606.0
007 t|
008 041122s2004 sp ||||1| spa d
020 _a84-339-2392-7
080 _a821.111-31"19"
100 1 _aSharpe, Tom.
_9106016
245 1 0 _aWilt no se aclara /
_cTom Sharpe ; traducción de Gemma Rovira.
260 _aBarcelona :
_bAnagrama,
_c[2004]
300 _a259 p. ;
_c22 cm.
490 1 _aContraseñas ;
_v192
700 1 _aRovira, Gemma.
_9100127
830 0 _aContraseñas ;
_v192
_9179727
852 _aES-MaACL
_jL-28514
_bR.134592
999 _c82088
_d82088